1032 1590 1227 1233 1259 1761 1340 1100 1400 1231 1355 1599 1116 1913 1552 1002 1685 1065 1668 1744 1903 1938 1908 1519 1756 1658 1651 1344 1889 1116 1341 1025 1711 1937 1390 1306 1184 1535 1281 1401 1805 1147 1316 1222 1748 1646 1458 1114 1762 1547 1731 1444 1096 1008 1033 1414 1469 1294 1052 1990 1856 1890 1306 1482 1054 1219 1881 1701 1643 1354 1118 1516 1329 1372 1327 1182 1997 1496 1074 1371 1006 1914 1254 1865 1323 1575 1987 1029 1901 1698 1763 1410 1951 1062 1885 1153 1024 1778 1681 BCNSPRNW ULIB Ver.6.0+V

เปลี่ยนเป็นภาษาไทย

Change to English
 แสดงรายละเอียดบรรณานุกรม
  กลับหน้าหลัก

Brief Record : Get Marc (ISO 2709) : E-mail record : QR code < ปิดหน้าต่าง
LEADER : 00000nam 2200000uu 4500
001    13399114528
003     ULIB
008    120411s||||||||th 000 0 tha d
020    ^a9780826105813
050  4 ^aRT73 ^bG112
060  0 ^aWY100^bG112
100 1   ^aGaberson, Kathleen B.
245 1   ^aClinical teaching strategies in nursing / ^cKathleen B. Gaberson, Marilyn H. Oermann.
250    ^a3rd ed
260    ^aNew York, N.Y. : ^bSpringer Pub., ^c2010.
300    ^axi, 442 p.
650    ^aNursing ^xStudy and teaching.
650  0 Education Nursing
700 1   ^aOermann, Marilyn H.
945    ^p0^l0^i031632
995    ^aKesorn
999 ^a ใช้งานได้ทุกระบบ
รายการนี้ยังไม่มีแท็ก
คุณยังไม่ได้ล็อกอิน คุณสามารถมีกิจกรรมร่วมกับเว็บไซต์ได้ แต่ต้องล็อกอินก่อน ::
  ล็อกอิน

รายการสื่อสารสนเทศ

ลำดับที่ ประเภท เลขเรียก/บาร์โค้ด สถานที่ สถานะ
- ไม่พบข้อมูล -

รายการใกล้เคียง
    ผู้แต่ง [Gaberson, Kathleen B.]

BibComment


ยังไม่เคยถูกคอมเมนท์

คอมเมนท์ทรัพยากรรายการนี้
  คอมเมนท์: Clinical teachi..


 Copyright 2026. Bcnsprnw @Library